000 00251nam a22001097a 4500
082 _a621.3813 CLA'M
100 _aCLARICOATS, P. J. B
_978534
245 _aMICROWAVE FERIRTES
260 _aLONDON
_bCHAPMAN & HALL
_c1961
300 _a260P
942 _cBK
999 _c583644
_d583644